[Event "AUT-ch U12"]
[Site "Woerth"]
[Date "2015.05.24"]
[Round "4.9"]
[White "Bertel, Tobias"]
[Black "Schmidt, Florian1111"]
[Result "0-1"]
[WhiteElo "1289"]
[BlackElo "1328"]
[PlyCount "62"]
[EventDate "2015.05.23"]
[EventType "swiss"]
[EventRounds "7"]
[EventCountry "AUT"]
[SourceTitle "EXT 2024"]
[Source "ChessBase"]
[SourceDate "2023.10.10"]
[SourceVersion "1"]
[SourceVersionDate "2023.10.10"]
[SourceQuality "1"]

1. e4 e5 2. Nf3 Nc6 3. Bc4 Nf6 4. Nc3 Bc5 5. d3 d6 6. Bg5 Bg4 7. h3 Bh5 8. a3 Qd7 9. Qd2 Nd4 10. Nxd4 Bxd4 11. g4 Bg6 12. 0-0-0 h6 13. Bxf6 gxf6 14. f3 c6 15. h4 h5 16. gxh5 Bxh5 17. Rdf1 b5 18. Bb3 a5 19. a4 Qb7 20. axb5 cxb5 21. Bd5 Qb6 22. Bxa8 Be3 23. Nd5 Bxd2+ 24. Kxd2 Qb8 25. Rhg1 Kf8 26. Bc6 b4 27. Nxf6 Qc7 28. Bb5 Bg6 29. f4 Rxh4 30. fxe5 Rh2+ 31. Kc1 Qxc2# 0-1